| 000 | 03272cgm a22006497i 4500 | ||
|---|---|---|---|
| 001 | 1339102386 | ||
| 005 | 20250827152044.0 | ||
| 007 | vd cvaizq | ||
| 008 | 220808p20222021enk570 e vleng d | ||
| 024 | 1 | _a191329230879 | |
| 028 | 4 | 2 |
_a1000818644 _bBBC |
| 035 | _a2374976 | ||
| 035 | _a(OCoLC)1339102386 | ||
| 035 | _a(OCoLC)on1339102386 | ||
| 037 |
_bMidwest Tape _nhttp://www.midwesttapes.com |
||
| 040 |
_aTEFMT _beng _erda _cTEFMT _dOCLCQ _dTEF |
||
| 041 | 1 |
_aeng _heng |
|
| 043 | _ae-uk-en | ||
| 050 | 4 |
_aPN1992.77 _b.C35 2022 |
|
| 092 | _advd | ||
| 099 |
_aDVD _aA |
||
| 130 | 0 |
_aCall the midwife (Television program) _95789361 |
|
| 245 | 0 | 1 |
_aCall the midwife. _nSeason eleven / _cseries created by Heidi Thomas ; directed by Syd Macartney [and 7 others] ; produced by Ann Tricklebank ; writers, Heidi Thomas [and 5 others]. |
| 264 | 1 |
_aLondon : _bBBC, _c[2022] |
|
| 300 |
_a3 videodiscs (570 min.) : _bsound, color ; _c4 3/4 in. |
||
| 336 | _atwo-dimensional moving image | ||
| 337 | _avideo | ||
| 338 | _avideodisc | ||
| 500 | _aTitle from web page. | ||
| 500 | _aOriginally broadcast as single episodes of a television program in 2021. | ||
| 500 | _aWide screen (16:9) | ||
| 500 | _aExtra features: Behind the scenes; Series II featurette; Christmas featurette; Wedding featurette. | ||
| 511 | 1 | _aVanessa Redgrave, Jenny Agutter, Laura Main. | |
| 520 | _a1967 brings fresh medical and personal challenges to the midwifery and district nursing rounds. Thanks to Matthewâ‚‚s continued support, things at Nonnatus House are now settled and going well, and Trixie helps Matthew understand the community he is becoming a part of. Doctor Turner faces some changes in his relationship with Timothy now that he is an adult, while Shelagh continues to support community health programs. Across the series, the team faces challenging situations concerning addiction, a baby with a life-threatening condition, breastfeeding difficulties, and a Holocaust survivor. | ||
| 538 | _aDVD; Region 1, NTSC; Wide screen (16:9); Dolby Digital; Stereo. | ||
| 546 | _aCan be viewed subtitled in English. | ||
| 650 | 0 |
_aMidwives _zEngland _zLondon _vDrama. _95789339 |
|
| 650 | 0 |
_aMidwifery _zEngland _zLondon _vDrama. _96437985 |
|
| 650 | 0 |
_aNuns _zEngland _zLondon _vDrama. _96360817 |
|
| 650 | 0 |
_aPregnant women _zEngland _zLondon _vDrama. _95789341 |
|
| 650 | 0 |
_aConvents _zEngland _zLondon _vDrama. _96457576 |
|
| 650 | 0 |
_aNineteen sixties _vDrama. _95764171 |
|
| 651 | 0 |
_aEast End (London, England) _xSocial conditions _y20th century _vDrama. _96457577 |
|
| 655 | 7 |
_aTelevision programs. _2lcgft. |
|
| 655 | 7 |
_aVideo recordings for the hearing impaired. _2lcgft. |
|
| 655 | 7 |
_aTelevision series. _2lcgft. |
|
| 655 | 7 |
_aFiction television programs. _2lcgft. _95673656 |
|
| 700 | 1 |
_aThomas, Heidi, _d1962- _ecreator, _escreenwriter. _95789357 |
|
| 700 | 1 |
_aMacartney, Syd, _d1954- _edirector. _95789359 |
|
| 700 | 1 |
_aTricklebank, Ann, _eproducer. _96208299 |
|
| 700 | 1 |
_aRedgrave, Vanessa, _d1937- _eactor. _927595 |
|
| 700 | 1 |
_aAgutter, Jenny, _eactor. _915053 |
|
| 700 | 1 |
_aMain, Laura, _d1981- _eactor. _95923515 |
|
| 710 | 2 |
_aBBC Studios, _epublisher. _96017751 |
|
| 907 | _a.b470789840 | ||
| 942 |
_2ddc _cDVD |
||
| 999 |
_c378546 _d378546 |
||